Měření průtoku tekutin víceotvorovými rychlostními sondami MQS 011, 012, 023

Podrobná bibliografia
Hlavný autor: Kárník, Pavel (Autor)
Médium: Článok
Jazyk:čeština
Fyzický popis:Tb. 2. Sch. 1. Res. čes.
Predmet:

MARC

LEADER 00000nab a2200000 a 4500
001 vtls000456656
003 SK-MaSNL
005 20260303183301.0
008 160201c1991 xo 0 cze
015 |a SNBRA19rr/mm-uuuuu 
035 |a CL0456787 
040 |a SNKBUCL  |b slo  |c SNKBUCL  |e AACR2 
041 0 |a cze 
044 |a xo  |c SK 
080 |a 681.121.8  |2 1981 
080 |a 532.57.082.2  |2 1981 
100 1 |a Kárník, Pavel  |4 aut  |9 1129092 
245 1 0 |a Měření průtoku tekutin víceotvorovými rychlostními sondami MQS 011, 012, 023  |c Pavel Kárník 
300 |b Tb. 2. Sch. 1. Res. čes. 
650 0 7 |a prúdenie kvapalín  |2 snkbucl  |9 82668 
650 0 7 |a sondy rýchlostné  |2 snkbucl  |9 1129093 
655 7 |a články zo zborníkov  |2 snkbucl  |9 166140 
773 0 |t Aplikácia experimentálnych a numerických metód v mechanike tekutín  |d Žilina : INPEKO, 1991  |g S. 210-213 
850 |a Slovenská národná knižnica v Martine  |a MTA001 
852 |a SNK  |b KIS3GCP 
958 |a RK 
958 |a CZ 
992 |a RZB 
999 |c 2120099  |d 2122029